Idiomas disponibles en Jetpunk - Estadísticas

Estadísticas generales
  • Esta prueba ha sido intentada 13 veces
  • La puntuación promedio es 49 de 66
Estadísticas de respuestas
Idioma % Correcto
3 Alemán
100%
4 Árabe
100%
8 Catalán
100%
10 Chino Simplificado
100%
11 Chino Tradicional
100%
15 Eslovaco
100%
16 Esloveno
100%
17 Español
100%
21 Francés
100%
25 Griego
100%
27 Hindi
100%
30 Inglés
100%
33 Italiano
100%
34 Japonés
100%
41 Neerlandés
100%
48 Portugués
100%
51 Ruso
100%
56 Sueco
100%
58 Tailandés
100%
61 Ucraniano
100%
1 Africaans
92%
5 Armenio
92%
12 Coreano
92%
13 Croata
92%
14 Danés
92%
19 Estonio
92%
26 Hebreo
92%
36 Letón
92%
37 Lituano
92%
43 Noruego
92%
47 Polaco
92%
50 Rumano
92%
60 Turco
92%
65 Vietnamita
92%
7 Búlgaro
83%
20 Finés
83%
23 Gallego
83%
24 Georgiano
83%
28 Húngaro
83%
53 Serbio
83%
9 Checo
75%
29 Indonesio
75%
31 Irlandés
75%
32 Islandés
75%
2 Albanés
67%
38 Luxemburgués
67%
6 Azerbaiyano
58%
22 Galés
58%
35 Latín
58%
42 Nepalí
58%
45 Persa
58%
62 Urdu
58%
39 Maltés
50%
63 Uzbeko
50%
18 Esperanto
33%
40 Maorí
33%
44 Pastún
33%
49 Romanche
33%
55 Suajili
33%
59 Telugú
33%
52 Samoano
17%
64 Veneciano
17%
66 Yidis
17%
54 Sorbio
8%
57 Tagalog
8%
46 Picardo
0%
No se encontraron pruebas coincidentes
Distribución de puntuación
Porcentaje de gente con cada puntuación
Porcentaje por número respondido
Historial de tus puntuaciones
No has intentado esta prueba.